01041nas a2200289 4500001001300000003000900013005001700022007000300039008003400042040005400076041000900130072000800139100002100147100003100168100002100199100002100220100001600241245010500257650001100362650001800373650001800391773011100409909004000520942001800560999001900578952015400597BR2016001804BR-BrBNA20231205130327.0ta230509b bl.|||p| |||| 00| 00por d aBR-BrBNAbporcBiblioteca Nacional de Agricultura a(En) aL731 aBorsanelli, A.C.1 aGaetti-Jardim Júnior, E.1 aSchweitzer, C.M.1 aDöbereiner, J.1 aDutra, I.S.1 aPresence of Porphyromonas and Prevotella species in the oral microflora of cattle with periodontitis aBOVINO aDOENCA ANIMAL aBACTERIOLOGIA0 tPesquisa Veterinária Brasileira (Brazil)xISSN 0100-736Xg(Oct 2015), v. 35(10) p. 829-834wBR2016001804 a202311bLúciac55dLúcia Elande 2AGRISn0cANA c248867d248867 002AGRIS4071a41918b41918cPeriódicos Agrícolash(Oct 2015), v. 35(10) p. 829-834l0r2023-11-29t01yCRePortaria Interministerial nº 164/94